Provinces et territoires du Canada - Statistiques

Statistiques générales
  • Ce quiz a été pris 80 fois
  • Le résultat moyen est 10 sur 13
Statistiques - réponses
Capitale Province / Territoire % Correct
Québec Québec
100%
Toronto Ontario
94%
Saint-Jean de Terre-Neuve Terre-Neuve-et-Labrador
87%
Edmonton Alberta
85%
Iqaluit Nunavut
85%
Victoria Colombie-Britannique
83%
Whitehorse Yukon
83%
Charlottetown Île-du-Prince-Édouard
78%
Yellowknife Territoires du Nord-Ouest
74%
Regina Saskatchewan
72%
Halifax Nouvelle-Écosse
70%
Winnipeg Manitoba
67%
Fredericton Nouveau-Brunswick
65%
Aucun quiz correspondant
Distribution des résultats
% des personnes avec chaque résultat
Percentile par nombre de réponses
Votre historique - résultats
Vous n’avez pas pris ce quiz